| 000 | 00728nam a2200205 i 4500 | ||
|---|---|---|---|
| 001 | 134937 | ||
| 003 | ES-MaACL | ||
| 005 | 20250727062611.0 | ||
| 007 | t| | ||
| 008 | 070703s1973 fr ||||1| fre d | ||
| 100 | 1 |
_aTikhomirov, Jurij Aleksandrovic. _9110254 |
|
| 245 | 1 | 0 |
_aPouvoir et administration dans la société socialiste / _cpar Ju.A. Tikhomirov ; préface de Pierre Lavigne. |
| 260 |
_aParis : _bCentre National de la Recherche Scientifique, _c1973. |
||
| 300 |
_aXVI, 191 p. ; _c24 cm. |
||
| 650 | 1 | 7 |
_aSocialismo _2embne _917147 |
| 700 | 1 |
_aLavigne, Pierre. _970719 |
|
| 710 | 2 |
_aCentre National de la Recherche Scientifique (Francia) _92559 |
|
| 852 |
_aES-MaACL _jE-6015 _bR.90186 |
||
| 999 |
_c134937 _d134937 |
||